[Event "Kragero Resort Chess A 2019"]
[Site "Kragero"]
[Date "2019.02.23"]
[Round "6.28"]
[White "Gudmundsson, Bjorgvin S"]
[Black "Gonzalez, Francisco Silva"]
[Result "0-1"]
[WhiteElo "1941"]
[BlackElo "2142"]
[Annotator "TA"]
[PlyCount "124"]
[EventDate "2019.02.20"]
[EventType "swiss"]
[EventCountry "NOR"]
[SourceTitle "playchess.com"]
[Source "ChessBase"]
[SourceQuality "1"]

{[%evp 19,124,24,22,-30,0,-79,-29,-46,-51,-169,-161,-157,-166,-174,-157,-174,-127,-195,-106,-107,-105,-87,-79,-113,-128,-131,-131,-133,-122,-137,-147,-185,-193,-200,-189,-216,-231,-212,-165,-161,-162,-217,-211,-208,-177,-233,-227,-220,-188,-219,-218,-236,-227,-260,-227,-352,-341,-1060,-186,-260,-18,-164,-140,-220,-242,-253,-213,-239,-214,-235,-118,-200,0,-1482,-210,-161,0,-1487,-1476,-1461,-1436,-1437,-1422,-1435,-1412,-5106,-5085,-2270,-1008,-29972,-29973,-29978,-29979,-29979,-29980,-29980,-29981,-29982,-29983,-29982,-29983,-29984,-29985,-29985,-29986,-29986,-29985]} 1. d4 Nf6 2. Nf3 d5 3. c4 e6 4. Nc3 c6 5. e3 Nbd7 6. Qc2 Bd6 7. Bd3 O-O 8. O-O Qe7 9. e4 dxc4 10. Bxc4 e5 11. Be2 $146 {D46: Semi-Slav: 5 e3 Nbd7 6 Bd3, Black avoids the Meran} (11. h3 $142) ({Predecessor:} 11. h3 b5 12. Bb3 Bb7 13. Re1 a6 14. Bg5 h6 15. Bh4 Rfe8 16. Rad1 Rad8 17. dxe5 Bxe5 18. Nxe5 Nxe5 {0-1 (55) Wojtaszek,R (2715)-Le,Q (2712) Dubai 2014}) 11... Re8 12. a4 (12. Be3 $11) 12... h6 13. dxe5 {Black has an edge.} Nxe5 14. h3 (14. Nd4 $15) 14... Nxf3+ $19 15. Bxf3 Qe5 $36 {[%csl Gd6][%cal Re5h2][%mdl 2048] Black has strong initiative.} 16. g3 Bxh3 17. Re1 {If only White now had time for Bf4....} g5 18. Nd1 (18. Bg2 $17 Be6 19. Bd2) 18... Nd7 (18... Rad8 $19 19. Be3 Bc7) 19. Ne3 $17 Bb4 20. Rd1 Rad8 21. Nf5 Bxf5 22. exf5 Bc5 23. Kf1 Bd4 24. Bd2 Qf6 25. Be1 Ne5 26. Bg2 b6 27. Rxd4 Rxd4 28. Bc3 c5 29. Re1 Red8 30. Bxd4 (30. Qe2 $142 Nd7 31. Qb5) 30... Rxd4 $19 ({Don't do} 30... cxd4 31. Qe2 $17) 31. Be4 Qd6 32. Re2 (32. b3 $142) 32... Kg7 33. Kg2 Rd1 34. Qb3 g4 35. Qc3 f6 36. Qb3 c4 37. Qb5 (37. Qe3 $142) 37... h5 38. Qe8 $2 (38. Qa6 Qc7 39. Qb7 Qxb7 40. Bxb7) 38... Nf7 $2 (38... Ra1 39. Bc2 Qd5+ 40. Re4 Qb7) 39. Bc6 (39. Bb7 {was necessary.} Qd3 40. Re1) 39... Qd8 $2 (39... Qd3 $1 $19 40. Re1 Rxe1 41. Qxe1 Ne5) 40. Qe6 (40. Re7 $11 {and White is okay.} Qxe8 41. Bxe8) 40... Rd4 41. Qe3 (41. Qe7 $17 Rd2 42. Qxd8 Rxd8 43. Re7) 41... Ne5 42. Be4 Qd6 43. Qc3 a6 44. Qe3 Qc5 (44... Rd1 $19 45. a5 bxa5 46. Qa7+ Qd7) 45. Qc1 (45. Rd2 $17 {is a better defense.} Rxd2 46. Qxd2) 45... Qd6 $2 (45... Qc7 $19 {...h4! is the strong threat.} 46. Qe3 Qd6) 46. Qh1 $2 {[%mdl 8192] [#]} (46. Qe3 $11) 46... Kh6 $2 (46... Rxe4 $1 {[%mdl 512]} 47. Rxe4 Qd5) 47. Qc1+ {[#]} Kg7 $2 (47... Kh7 $1 $19 {Hoping for ...h4!} 48. Qc3 Kg7) 48. Qh1 $2 {[%mdl 8192]} (48. Qe3 $11) 48... Rxe4 {[%mdl 64] Remove Defender} 49. Rxe4 {[%mdl 4096] Endgame KQR-KQN} Qd5 50. Qe1 Nd3 {[%mdl 64] Double Attack, Discovered Attack} 51. Qe2 Nc5 {[%mdl 64] Double Attack} 52. f3 gxf3+ 53. Kxf3 b5 (53... Qxe4+ $142 54. Qxe4 Nxe4 55. Kxe4 Kh6) 54. axb5 axb5 {Black mates.} 55. Kf4 Qxe4+ 56. Qxe4 Nxe4 57. Kxe4 {[#] KP-KP} Kh6 $1 {[%cal Rh6g5]} 58. Kd4 Kg5 59. Kc5 Kg4 60. Kxb5 Kxg3 61. Kxc4 h4 62. Kd5 h3 {Accuracy: White = 25%, Black = 43%.} 0-1

[Event "Kragero Resort Chess A 2019"]
[Site "Kragero"]
[Date "2019.02.23"]
[Round "6.29"]
[White "Sidali, Elias Hulleberg"]
[Black "Abdrlauf, Elham"]
[Result "0-1"]
[WhiteElo "1840"]
[BlackElo "2105"]
[Annotator "NA"]
[PlyCount "90"]
[EventDate "2019.02.20"]
[EventType "swiss"]
[EventCountry "NOR"]
[SourceTitle "playchess.com"]
[Source "ChessBase"]
[SourceQuality "1"]
[TimeControl "5400+30"]

1. e4 {[%emt 0:00:00]} c5 {[%emt 0:02:01]} 2. Nf3 {[%emt 0:00:00]} g6 {[%emt 0:00:20]} 3. d4 {[%emt 0:00:00]} cxd4 {[%emt 0:00:07]} 4. Qxd4 {[%emt 0:00:00]} Nf6 {[%emt 0:00:10]} 5. Nc3 {[%emt 0:00:00]} Nc6 {[%emt 0:00:06]} 6. Qa4 {[%emt 0:00:00]} d6 {[%emt 0:00:22]} 7. e5 {[%emt 0:00:00]} dxe5 {[%emt 0:00:07]} 8. Nxe5 {[%emt 0:00:00]} Bg7 {[%emt 0:00:09]} 9. Bb5 {[%emt 0:00:00]} O-O {[%emt 0:00:11]} 10. Nxc6 {[%emt 0:00:00]} bxc6 {[%emt 0:00:05]} 11. Bxc6 {[%emt 0:00:03]} Rb8 {[%emt 0:00:10]} 12. O-O {[%emt 0:00:06]} Bf5 {[%emt 0:00:56]} 13. h3 {[%emt 0:08:04]} Qc8 {[%emt 0:00:47]} 14. Re1 {[%emt 0:04:53]} Bxc2 {[%emt 0:04:05]} 15. Qxc2 {[%emt 0:00:03]} Qxc6 {[%emt 0:00:03]} 16. Rxe7 {[%emt 0:01:50]} Nd5 {[%emt 0:00:09]} 17. Re1 {[%emt 0:04:58]} Nxc3 {[%emt 0:00:09]} 18. bxc3 {[%emt 0:00:01]} Qxc3 {[%emt 0:00:07]} 19. Qxc3 {[%emt 0:00:02]} Bxc3 {[%emt 0:00:08]} 20. Bf4 {[%emt 0:00:03]} Rbc8 {[%emt 0:00:09]} 21. Be3 {[%emt 0:05:03]} Bxa1 {[%emt 0:00:39]} 22. Rxa1 {[%emt 0:00:02]} a6 {[%emt 0:00:37]} 23. a4 {[%emt 0:03:26]} a5 {[%emt 0:02:19]} 24. Bb6 {[%emt 0:02:40]} Rc4 {[%emt 0:00:38]} 25. Bxa5 {[%emt 0:00:10]} Ra8 {[%emt 0:00:05]} 26. Bb6 {[%emt 0:00:39]} Rcxa4 {[%emt 0:00:07]} 27. Rxa4 {[%emt 0:00:06]} Rxa4 {[%emt 0:00:05]} 28. Be3 {[%emt 0:05:03]} f5 {[%emt 0:00:21]} 29. g3 {[%emt 0:00:36]} Kf7 {[%emt 0:00:20]} 30. Kg2 {[%emt 0:00:09]} Kf6 {[%emt 0:00:10]} 31. h4 {[%emt 0:00:05]} Ke5 {[%emt 0:00:14]} 32. Kf3 {[%emt 0:04:06]} Ra3 {[%emt 0:00:07]} 33. Kg2 {[%emt 0:00:17]} Ke4 {[%emt 0:00:16]} 34. Bg5 {[%emt 0:00:09]} Kd3 {[%emt 0:00:28]} 35. Kf3 {[%emt 0:00:59]} Kc2+ {[%emt 0:00:15]} 36. Ke2 {[%emt 0:00:01]} Ra6 {[%emt 0:00:17]} 37. Kf3 {[%emt 0:01:31]} Re6 {[%emt 0:00:09]} 38. Be3 {[%emt 0:00:08]} Kd3 {[%emt 0:00:14]} 39. Kf4 {[%emt 0:00:39]} Ke2 {[%emt 0:00:28]} 40. h5 {[%emt 0:01:58]} gxh5 {[%emt 0:02:27]} 41. Kxf5 {[%emt 0:01:41]} Rg6 {[%emt 0:00:01]} 42. Kf4 {[%emt 0:02:34]} Rg4+ {[%emt 0:00:03]} 43. Kf5 {[%emt 0:00:14]} Kf3 {[%emt 0:00:09]} 44. Bb6 {[%emt 0:05:14]} h4 {[%emt 0:00:13]} 45. gxh4 {[%emt 0:00:14]} Rxh4 {[%emt 0:00:09]} 0-1

[Event "Kragero Resort Chess A 2019"]
[Site "Kragero"]
[Date "2019.02.23"]
[Round "6.30"]
[White "Jonsson, Gauti Pall"]
[Black "Boe, Oeyvind"]
[Result "0-1"]
[WhiteElo "2070"]
[BlackElo "1908"]
[Annotator "NA RC"]
[PlyCount "52"]
[EventDate "2019.02.20"]
[EventType "swiss"]
[EventCountry "NOR"]
[SourceTitle "playchess.com"]
[Source "ChessBase"]
[SourceQuality "1"]
[TimeControl "5400+30"]

1. d4 {[%emt 0:00:00]} Nf6 {[%emt 0:00:00]} 2. c4 {[%emt 0:00:16]} e6 {[%emt 0:00:24]} 3. Nf3 {[%emt 0:00:24]} b6 {[%emt 0:00:11]} 4. g3 {[%emt 0:00:44]} Bb7 {[%emt 0:00:40]} 5. Bg2 {[%emt 0:00:45]} Be7 {[%emt 0:02:32]} 6. O-O {[%emt 0:01:53]} O-O {[%emt 0:00:06]} 7. Re1 {[%emt 0:04:09]} d5 {[%emt 0:05:04]} 8. Ne5 {[%emt 0:02:31]} c5 {[%emt 0:03:43]} 9. Be3 {[%emt 0:05:13]} cxd4 {[%emt 0:02:56]} 10. Bxd4 {[%emt 0:00:37]} Qc7 {[%emt 0:06:19]} 11. cxd5 {[%emt 0:04:05]} Bxd5 {[%emt 0:06:11]} 12. e4 {[%emt 0:02:55]} Bb7 {[%emt 0:00:36]} 13. Qe2 {[%emt 0:06:37]} Rd8 {[%emt 0:12:26]} 14. Bc3 {[%emt 0:02:08]} Na6 {[%emt 0:14:05]} 15. Nd2 {[%emt 0:03:36]} Rac8 {[%emt 0:06:23]} 16. Rac1 {[%emt 0:01:56]} Qb8 {[%emt 0:00:04]} 17. Ng4 {[%emt 0:08:34]} Nxg4 {[%emt 0:01:01]} 18. Qxg4 {[%emt 0:00:21]} Rxc3 {[%emt 0:00:14]} 19. Rxc3 {[%emt 0:00:51]} Rxd2 {[%emt 0:00:07]} 20. Bf1 {[%emt 0:02:12]} Bb4 {[%emt 0:12:14]} 21. Rf3 {[%emt 0:01:27]} Rxb2 {[%emt 0:02:50]} 22. Rd1 {[%emt 0:00:18]} Rd2 {[%emt 0:03:56]} 23. Rxd2 {[%emt 0:02:24]} Bxd2 {[%emt 0:00:05]} 24. Bc4 {[%emt 0:00:24]} Nc5 {[%emt 0:01:10]} 25. Bd3 {[%emt 0:03:51]} Qd8 {[%emt 0:00:27]} 26. Bc2 {[%emt 0:00:52]} f5 {[%emt 0:05:44]} 0-1

[Event "Kragero Resort Chess A 2019"]
[Site "Kragero"]
[Date "2019.02.23"]
[Round "6.31"]
[White "Fivelstad, Jon Olav"]
[Black "Saltvedt, Martin"]
[Result "1/2-1/2"]
[WhiteElo "1900"]
[BlackElo "2095"]
[Annotator "NA RC"]
[PlyCount "44"]
[EventDate "2019.02.20"]
[EventType "swiss"]
[EventCountry "NOR"]
[SourceTitle "playchess.com"]
[Source "ChessBase"]
[SourceQuality "1"]
[TimeControl "5400+30"]

1. e4 {[%emt 0:00:00]} c5 {[%emt 0:00:00]} 2. Nf3 {[%emt 0:00:00]} Nc6 {[%emt 0:00:02]} 3. d4 {[%emt 0:00:08]} cxd4 {[%emt 0:00:07]} 4. Nxd4 {[%emt 0:00:06]} g6 {[%emt 0:00:42]} 5. c4 {[%emt 0:03:57]} Nf6 {[%emt 0:03:40]} 6. Nc3 {[%emt 0:00:15]} Nxd4 {[%emt 0:01:53]} 7. Qxd4 {[%emt 0:00:26]} d6 {[%emt 0:00:55]} 8. Be2 {[%emt 0:02:18]} Bg7 {[%emt 0:00:08]} 9. O-O {[%emt 0:06:01]} O-O {[%emt 0:00:21]} 10. Qd1 {[%emt 0:03:23]} a5 {[%emt 0:02:49]} 11. Be3 {[%emt 0:04:01]} Be6 {[%emt 0:02:17]} 12. Rc1 {[%emt 0:01:19]} Rc8 {[%emt 0:07:51]} 13. b3 {[%emt 0:04:40]} Nd7 {[%emt 0:01:28]} 14. Qd2 {[%emt 0:06:31]} Nc5 {[%emt 0:02:50]} 15. Bd4 {[%emt 0:02:38]} Qd7 {[%emt 0:09:58]} 16. Bxg7 {[%emt 0:01:17]} Kxg7 {[%emt 0:00:10]} 17. Qd4+ {[%emt 0:02:48]} f6 {[%emt 0:01:30]} 18. Rcd1 {[%emt 0:00:34]} h5 {[%emt 0:11:08]} 19. f4 {[%emt 0:12:00]} Bg4 {[%emt 0:06:46]} 20. Bf3 {[%emt 0:02:10]} Rfd8 {[%emt 0:10:53]} 21. h3 {[%emt 0:03:41]} Bxf3 {[%emt 0:06:40]} 22. Rxf3 {[%emt 0:00:09]} Ne6 {[%emt 0:04:31]} 1/2-1/2

[Event "Kragero Resort Chess A 2019"]
[Site "Kragero"]
[Date "2019.02.23"]
[Round "7.1"]
[White "Hammer, Jon Ludvig"]
[Black "Beerdsen, Thomas"]
[Result "1/2-1/2"]
[WhiteElo "2652"]
[BlackElo "2454"]
[Annotator "ChessBase"]
[PlyCount "60"]
[EventDate "2019.02.20"]
[EventType "swiss"]
[EventCountry "NOR"]
[SourceTitle "playchess.com"]
[Source "ChessBase"]
[SourceQuality "1"]
[TimeControl "5400+30"]

1. d4 {[%emt 0:00:00]} d5 {[%emt 0:03:54]} 2. c4 {[%emt 0:00:02]} c6 {[%emt 0:00:05]} 3. Nf3 {[%emt 0:00:26]} Nf6 {[%emt 0:00:05]} 4. e3 {[%emt 0:00:21]} g6 {[%emt 0:00:06]} 5. Nc3 {[%emt 0:04:30]} Bg7 {[%emt 0:00:06]} 6. Bd3 {[%emt 0:00:06]} O-O {[%emt 0:00:07]} 7. O-O {[%emt 0:00:05]} dxc4 {[%emt 0:00:06]} 8. Bxc4 {[%emt 0:00:06]} Nbd7 {[%emt 0:00:08]} 9. a3 {[%emt 0:01:54]} Nb6 {[%emt 0:01:14]} 10. Ba2 {[%emt 0:01:29]} Bg4 {[%emt 0:05:26]} 11. h3 {[%emt 0:00:19]} Bxf3 {[%emt 0:00:24]} 12. Qxf3 {[%emt 0:00:02]} Qd6 {[%emt 0:06:51]} 13. Rd1 {[%emt 0:10:03]} e5 {[%emt 0:02:20]} 14. Qg3 {[%emt 0:12:32]} Nh5 {[%emt 0:18:43]} 15. Qf3 {[%emt 0:16:57]} Nf6 {[%emt 0:01:20]} 16. dxe5 {[%emt 0:02:51]} Qxe5 {[%emt 0:00:04]} 17. Bd2 {[%emt 0:00:11]} Rad8 {[%emt 0:04:07]} 18. Be1 {[%emt 0:00:45]} Qe7 {[%emt 0:04:12]} 19. Rxd8 {[%emt 0:06:19]} Rxd8 {[%emt 0:00:12]} 20. Rd1 {[%emt 0:00:05]} Rxd1 {[%emt 0:04:16]} 21. Qxd1 {[%emt 0:00:06]} Nfd5 {[%emt 0:02:51]} 22. Nxd5 {[%emt 0:00:51]} Nxd5 {[%emt 0:00:08]} 23. Qb3 {[%emt 0:00:47]} Qd7 {[%emt 0:03:40]} 24. a4 {[%emt 0:03:11]} Qc7 {[%emt 0:03:36]} 25. a5 {[%emt 0:04:10]} h5 {[%emt 0:02:30]} 26. Qc2 {[%emt 0:01:55]} Qd6 {[%emt 0:03:33]} 27. a6 {[%emt 0:12:37]} bxa6 {[%emt 0:03:09]} 28. g3 {[%emt 0:04:46]} Qe6 {[%emt 0:04:02]} 29. Qa4 {[%emt 0:02:11]} Bxb2 {[%emt 0:03:55]} 30. Qxa6 {[%emt 0:01:40]} Qd7 {[%emt 0:03:49]} 1/2-1/2

[Event "Kragero Resort Chess A 2019"]
[Site "Kragero"]
[Date "2019.02.23"]
[Round "7.2"]
[White "Vrolijk, Liam"]
[Black "Notkevich, Benjamin Arvola"]
[Result "0-1"]
[WhiteElo "2470"]
[BlackElo "2498"]
[Annotator "TA"]
[PlyCount "72"]
[EventDate "2019.02.20"]
[EventType "swiss"]
[EventCountry "NOR"]
[SourceTitle "playchess.com"]
[Source "ChessBase"]
[SourceQuality "1"]

{[%evp 19,72,19,19,18,16,16,19,18,20,24,19,27,26,2,2,8,16,19,8,10,28,25,54,7,0,0,16,11,10,-32,-43,-30,-18,-25,-25,-74,-41,-100,-112,-81,-24,-118,-136,-232,-213,-338,-303,-318,-306,-694,-694,-29989,-29990,-29990,-29991]} 1. d4 Nf6 2. c4 g6 3. Nc3 d5 4. cxd5 Nxd5 5. g3 Bg7 6. Bg2 Nb6 7. Nf3 O-O 8. O-O Nc6 {[%cal Bb8c6,Bc6a5,Ba5c4,Bc4d6][%mdl 32]} 9. e3 Re8 10. h3 e5 11. d5 {D76: Fianchetto Grünfeld: Main Line with 7...Nb6} Na5 12. Qc2 c6 ({Avoid the trap} 12... Nxd5 $2 13. Rd1 $18) (12... Nac4 13. e4 Nd6 14. b3 f5 15. Rd1 fxe4 16. Ng5 Nf5 17. Ngxe4 Nd4 18. Qd3 Bf5 {0-1 (38) Santos Ruiz,M (2510)-Sutovsky,E (2673) Caleta 2018}) 13. b4 {The position is equal.} Nac4 14. dxc6 $1 bxc6 15. Rd1 Qe7 16. Nd2 {Strongly threatening Nxc4.} Bf5 17. Nce4 Rad8 18. Rb1 Nd6 19. Re1 $146 Nd5 20. a3 Nf6 21. Bb2 Nfxe4 22. Nxe4 Nxe4 23. Bxe4 Bxh3 24. Qxc6 h5 25. Bg2 Bf5 26. Rbd1 h4 {Threatening ...hxg3.} 27. gxh4 Qxh4 28. e4 (28. Rxd8 $1 $15 Rxd8 29. e4) 28... Rc8 $1 $36 {[%cal Rc8c6][%mdl 2048] Black is in control.} 29. Qb5 Bh3 (29... Be6 $17) 30. Qd3 {[#]} (30. Bxh3 $11 Qxh3 31. Qe2) 30... Bg4 $1 {[%cal Rg4d1]} 31. f3 {[#]} (31. Rc1 $17) 31... Be6 $1 $19 32. Qe2 (32. Bc1 {is a better defense.}) 32... Bb3 {Threatens to win with ...Bh6.} 33. Rc1 Bh6 34. Rc5 $2 (34. Qf2 Qxf2+ 35. Kxf2 Bxc1 36. Rxc1) 34... Bf4 35. Rb1 Rxc5 36. bxc5 {[#]} Bc4 $1 {[%mdl 512] Accuracy: White = 47%, Black = 67%.} 0-1

[Event "Kragero Resort Chess A 2019"]
[Site "Kragero"]
[Date "2019.02.23"]
[Round "7.3"]
[White "Ragnarsson, Dagur"]
[Black "Lie, Kjetil A."]
[Result "0-1"]
[WhiteElo "2361"]
[BlackElo "2538"]
[Annotator "ChessBase"]
[PlyCount "102"]
[EventDate "2019.02.20"]
[EventType "swiss"]
[EventCountry "NOR"]
[SourceTitle "playchess.com"]
[Source "ChessBase"]
[SourceQuality "1"]
[TimeControl "5400+30"]

1. d4 {[%emt 0:00:00]} Nf6 {[%emt 0:00:00]} 2. c4 {[%emt 0:00:00]} e6 {[%emt 0:00:19]} 3. g3 {[%emt 0:00:00]} c5 {[%emt 0:01:49]} 4. d5 {[%emt 0:00:03]} exd5 {[%emt 0:00:18]} 5. cxd5 {[%emt 0:00:07]} d6 {[%emt 0:00:13]} 6. Nc3 {[%emt 0:00:05]} g6 {[%emt 0:00:20]} 7. Bg2 {[%emt 0:00:06]} Bg7 {[%emt 0:00:05]} 8. Nf3 {[%emt 0:00:06]} O-O {[%emt 0:00:09]} 9. O-O {[%emt 0:00:05]} Re8 {[%emt 0:01:48]} 10. a4 {[%emt 0:00:07]} Ne4 {[%emt 0:05:57]} 11. Nxe4 {[%emt 0:00:12]} Rxe4 {[%emt 0:00:05]} 12. Nd2 {[%emt 0:00:04]} Rb4 {[%emt 0:00:42]} 13. Ra2 {[%emt 0:00:05]} Bd7 {[%emt 0:06:55]} 14. b3 {[%emt 0:12:10]} b5 {[%emt 0:00:53]} 15. a5 {[%emt 0:05:12]} Na6 {[%emt 0:06:45]} 16. Ba3 {[%emt 0:08:54]} Qxa5 {[%emt 0:05:42]} 17. Qb1 {[%emt 0:00:59]} Qb6 {[%emt 0:01:22]} 18. e4 {[%emt 0:09:09]} Re8 {[%emt 0:02:26]} 19. Re1 {[%emt 0:01:18]} c4 {[%emt 0:06:52]} 20. Bxb4 {[%emt 0:00:05]} Nxb4 {[%emt 0:00:04]} 21. bxc4 {[%emt 0:00:06]} Nxa2 {[%emt 0:00:10]} 22. Qxa2 {[%emt 0:00:05]} Bd4 {[%emt 0:01:31]} 23. Nf3 {[%emt 0:01:10]} Bc3 {[%emt 0:03:41]} 24. Re3 {[%emt 0:00:49]} b4 {[%emt 0:00:39]} 25. Qe2 {[%emt 0:15:22]} Bg4 {[%emt 0:07:06]} 26. Qd3 {[%emt 0:01:20]} a5 {[%emt 0:02:30]} 27. e5 {[%emt 0:02:12]} Bxf3 {[%emt 0:04:40]} 28. Bxf3 {[%emt 0:00:13]} Bd4 {[%emt 0:05:02]} 29. Re4 {[%emt 0:00:42]} dxe5 {[%emt 0:03:48]} 30. Bd1 {[%emt 0:00:08]} Bxf2+ {[%emt 0:00:38]} 31. Kg2 {[%emt 0:00:06]} Bd4 {[%emt 0:00:16]} 32. g4 {[%emt 0:01:23]} Rb8 {[%emt 0:03:33]} 33. Bb3 {[%emt 0:00:14]} Qf6 {[%emt 0:01:37]} 34. Qc2 {[%emt 0:00:20]} Rc8 {[%emt 0:03:21]} 35. Re2 {[%emt 0:09:43]} Qh4 {[%emt 0:03:15]} 36. Qe4 {[%emt 0:00:08]} a4 {[%emt 0:03:14]} 37. Bxa4 {[%emt 0:00:12]} Rxc4 {[%emt 0:00:02]} 38. Rc2 {[%emt 0:01:52]} f5 {[%emt 0:07:57]} 39. Qe2 {[%emt 0:01:23]} Qxg4+ {[%emt 0:00:28]} 40. Qxg4 {[%emt 0:00:07]} Rxc2+ {[%emt 0:00:03]} 41. Bxc2 {[%emt 0:00:05]} fxg4 {[%emt 0:00:03]} 42. Kg3 {[%emt 0:01:54]} Bg1 {[%emt 0:00:40]} 43. d6 {[%emt 0:04:26]} Kf7 {[%emt 0:00:07]} 44. Bb3+ {[%emt 0:00:06]} Kf6 {[%emt 0:00:35]} 45. Ba2 {[%emt 0:01:25]} h5 {[%emt 0:00:34]} 46. d7 {[%emt 0:00:27]} Bb6 {[%emt 0:00:12]} 47. Bb3 {[%emt 0:00:13]} Kg5 {[%emt 0:00:29]} 48. Bc2 {[%emt 0:00:08]} h4+ {[%emt 0:01:02]} 49. Kg2 {[%emt 0:00:07]} Kf4 {[%emt 0:00:37]} 50. Bxg6 {[%emt 0:00:09]} h3+ {[%emt 0:00:31]} 51. Kh1 {[%emt 0:00:18]} b3 {[%emt 0:00:17]} 0-1

[Event "Kragero Resort Chess A 2019"]
[Site "Kragero"]
[Date "2019.02.23"]
[Round "7.4"]
[White "Holm, Kristian Stuvik"]
[Black "Urkedal, Frode Olav Olsen"]
[Result "1/2-1/2"]
[WhiteElo "2456"]
[BlackElo "2522"]
[Annotator "TA"]
[PlyCount "42"]
[EventDate "2019.02.20"]
[EventType "swiss"]
[EventCountry "NOR"]
[SourceTitle "playchess.com"]
[Source "ChessBase"]
[SourceQuality "1"]

{[%evp 16,42,5,24,45,40,46,47,51,51,39,41,39,37,50,28,42,51,51,49,31,29,64,28,60,4,6,0,0]} 1. d4 Nf6 2. c4 e6 3. Nc3 Bb4 4. Qc2 d5 5. cxd5 exd5 6. Bg5 {[%cal Bc1g5,Bg5h4,Bh4g3][%mdl 32]} h6 7. Bh4 Nc6 {E35: Nimzo-Indian: Classical: 4...d5 5 cxd5 exd5} 8. e3 g5 9. Bg3 {LiveBook: 34 Games} Qe7 {next ...Nxd4 is good for Black.White has an edge.} (9... h5 10. Bb5 h4 11. Be5 Rh6 12. h3 Ne4 13. Nge2 Bf5 14. Qb3 Bxc3+ 15. Nxc3 Nxc3 16. bxc3 {0-1 (58) Sjugirov,S (2663)-Yu,Y (2764) St Petersburg 2018}) 10. Bb5 h5 $146 ({Predecessor:} 10... O-O 11. Nge2 Ne4 12. O-O Bxc3 13. Nxc3 Nb4 14. Qc1 c6 15. Be2 {½-½ (24) Hillarp Persson,T (2529)-Pile,R (2375) Barcelona 2013}) 11. Nge2 h4 12. Be5 {Threatens to win with 0-0.} O-O 13. Bxf6 Qxf6 14. a3 Bf5 15. Bd3 Bxd3 16. Qxd3 Bxc3+ $1 17. Nxc3 Ne7 18. O-O-O Rfd8 ({Avoid the trap} 18... Qxf2 $2 19. Rdf1 $18) 19. f3 b6 20. e4 (20. g3 $14) 20... c5 $11 21. exd5 Nxd5 {Precision: White = 60%, Black = 50%.} 1/2-1/2

[Event "Kragero Resort Chess A 2019"]
[Site "Kragero"]
[Date "2019.02.23"]
[Round "7.5"]
[White "Hasangatin, Ramil"]
[Black "Tryggestad, Andreas Garberg"]
[Result "0-1"]
[WhiteElo "2485"]
[BlackElo "2351"]
[Annotator "TA"]
[PlyCount "135"]
[EventDate "2019.02.20"]
[EventType "swiss"]
[EventCountry "NOR"]
[SourceTitle "playchess.com"]
[Source "ChessBase"]
[SourceQuality "1"]

{[%evp 13,135,-6,4,-22,-21,-21,-20,-21,0,-6,2,2,25,8,16,0,22,14,33,14,12,15,35,31,34,0,0,0,0,0,0,0,0,0,0,0,0,0,0,0,0,0,0,0,0,0,0,0,0,0,12,12,12,0,5,0,0,0,0,0,0,0,0,0,0,0,0,0,0,0,0,0,0,0,0,0,0,0,0,-8,-8,-8,-8,-16,-17,-31,-39,-927,-898,-860,-740,-686,-556,-12107,-10031,-5081,-1446,-1446,-968,-1373,-1094,-29959,-29960,-29967,-29968,-29980,-29965,-12837,-6207,-5235,-5169,-29979,-29980,-29980,-29979,-29979,-29980,-29980,-29980,-29980,-29981,-29983,-29984,-29983]} 1. e4 c5 2. Nf3 e6 3. c3 d5 4. exd5 exd5 5. d4 Nf6 6. Bb5+ Bd7 7. Qe2+ Be7 8. Ne5 {B22: Sicilian: 2 c3} (8. dxc5 O-O 9. Be3 Ng4 10. b4 Nxe3 11. fxe3 b6 12. Bxd7 Nxd7 13. cxb6 Qxb6 14. O-O Rfe8 15. Nd4 Bg5 16. Rf3 {0-1 (36) Bortnyk,O (2568)-Ivanchuk,V (2710) Jurmala 2016}) 8... O-O 9. Nxd7 Nbxd7 10. O-O {The position is equal.} cxd4 11. cxd4 Ne4 $146 ({Predecessor:} 11... a6 12. Bd3 Re8 13. Be3 Rc8 14. Nc3 Bb4 15. Rfc1 Qa5 16. Nd1 Rxc1 17. Rxc1 Qxa2 {0-1 (29) Skrobek,R (2460)-Ghitescu,T (2450) Lodz 1978}) 12. Bd3 Bf6 13. Bxe4 dxe4 14. Qxe4 Qb6 (14... Re8 $5 {[%cal Re8e4]} 15. Qd5 Qe7 $11) 15. Nc3 Qxd4 16. Rd1 Qxe4 17. Nxe4 Rfd8 18. Nxf6+ Nxf6 {[%cal Rd8d1] [#]} 19. Rxd8+ Rxd8 $14 {[%cal Rd8d1][%mdl 4096] Endgame KRB-KRN} 20. Be3 b6 21. Kf1 Nd5 22. Bd2 f6 23. Rc1 Kf7 24. Ke2 Ke6 25. Rc4 Rd7 26. Rc8 Rc7 27. Re8+ Ne7 28. Bb4 Kf7 29. Rxe7+ Rxe7+ 30. Bxe7 Kxe7 $11 {KP-KP} 31. Kd3 Kd7 32. Kc4 Kc6 $1 33. b3 a6 34. a3 Kd6 35. Kd4 Ke6 36. f3 Kd6 37. g3 Ke6 38. Ke4 g6 39. Kd4 Kd6 40. g4 Ke6 41. Ke4 h6 42. h4 Kd6 43. b4 b5 44. Kd4 g5 45. h5 Ke6 46. Kc5 Ke5 {And now ...Kf4 would win.} 47. Kb6 $1 {[%cal Rb6a6]} Kf4 48. Kxa6 Kxf3 49. Kxb5 Kxg4 {White must now prevent ...f5. K3P-K3P} 50. Kc4 $2 {[%mdl 8192]} (50. a4 $15 f5 51. a5) 50... f5 $19 51. b5 f4 52. b6 f3 {Strongly threatening ...f2.} 53. Kd3 {[#]} Kh3 $1 54. Ke3 Kg2 55. b7 f2 56. b8=Q f1=Q {KQ-KQ} 57. Qb4 Kh3 58. a4 g4 59. Ke4 g3 60. Qc3 Kh2 (60... Qe2+ $142 61. Kd5 Qxh5+ 62. Ke6 Qg4+ 63. Kd5 Qd7+ 64. Ke4 Qe6+ 65. Kd3 g2 66. Kc2+ Kg4 67. Qd4+ Kf3) 61. Qc7 Qe2+ 62. Kf4 g2 {Black mates.} 63. Kf5+ Kh1 64. Qc6 Qxh5+ 65. Kf6 Qg5+ 66. Kf7 h5 67. Qf3 Qg4 68. Qd5 {Accuracy: White = 62%, Black = 74%.} 0-1